00420 a2200097 4500082001600000245014700016260006800163300004600231650002100277650002400298 a620.136 ACI aSeventh CANMET/ACI International Conference on fly ash, silica fume, slag and natural pozzolans in concrete [vol-1]/ceditor, V. M. Malhotra. aFarmington Hills, Mich. :bAmerican Concrete Institute,cc2001. a1 v. (viii, ix, 957 p.) :bill. ;c23 cm. aConcretecSP 199 aConcretexAdditives